00382nam a22001457a 450000500170000001000150001702000110003203500130004303700130005608200100006910000290007924500550010826000430016330000300020620100821101941.0 aENG-101139 c150.00 aEN-84672 bDBAD/PUB a523.1 aChakraborty, Ashit Kumar aAs i see and realize /cby Ashit Kumar Chakraborty aKolkatabAshit Kumar Chakrabortyc2009 a120 p. :b24cm (Pbk)cill